| 000 | 00626nam a2200229 a 4500 | ||
|---|---|---|---|
| 001 | 000023867 | ||
| 005 | 20200930022528.0 | ||
| 008 | 110114s1999 sp a 000 0 spa d | ||
| 020 | _a8479545119 | ||
| 040 |
_aDO-SdBNP _bspa _cBNPHU |
||
| 082 |
_a615.82 _bA284r |
||
| 100 | 1 |
_aAgustí, P. _949098 |
|
| 245 | 1 | 0 |
_aReflexoterapia / _cP. Agustí. |
| 260 |
_aMadrid, (España) : _bEdimat Libros, _c1999. |
||
| 300 |
_a188 p. : _bil. ; _c16 cm. |
||
| 490 | 1 | _aVariopinto | |
| 650 | 4 |
_aReflexoterapia _92738 |
|
| 650 | 4 |
_aMasaje _92737 |
|
| 650 | 4 |
_aReflejos (fisiología) _949099 |
|
| 830 | 0 |
_aVariopinto _95881 |
|
| 049 | _aBNGR | ||
| 999 |
_c23363 _d23363 |
||